01229nam a2200337Ia 4500001001200000003000800012006001900020007001500039008004100054020001800095020001500113040002100128035002000149050002800169082001700197100002400214245009300238260004100331300002500372490002100397500002000418533015200438630002800590650003800618655002900656700002400685710001700709830002200726856012600748999001700874ebr10007040CaPaEBRm u cr cn|||||||||010710s2001 maua s 001 0 eng d z9780080481593 z1928994482 aCaPaEBRcCaPaEBR a(OCoLC)7072968814aQA76.73.B3bR657 2001eb04a005.26/82211 aWakefield, Cameron.10aVB.NET developer's guideh[electronic resource] /cCameron Wakefield, Henk-Evert Sonder. aRockland, Mass. :bSyngress,cc2001. axxxi, 751 p. :bill.1 aGlobal knowledge aIncludes index. aElectronic reproduction.bPalo Alto, Calif. :cebrary,d2009.nAvailable via World Wide Web.nAccess may be limited to ebrary affiliated libraries.00aMicrosoft Visual BASIC. 0aBASIC (Computer program language) 7aElectronic books.2local1 aSonder, Henk-Evert.2 aebrary, Inc. 0aGlobal knowledge.40uhttp://site.ebrary.com/lib/rucke/Doc?id=10007040zAn electronic book accessible through the World Wide Web; click to view c15392d15392